000 00538nam a2200217Ia 4500
003 OSt
005 20220928140704.0
006 a|||||r|||| 00| 0
007 ta
008 220927b |||||||| |||| 00| 0 eng d
024 _a11067
037 _cTextual
040 _aSDCL
_cSDCL
_beng
041 _2eng
_aeng
082 _aI:33(E150), M2
100 _aVincent J M
_9497034
245 0 _aNirtogen fixation in legumes
260 _c1982
942 _hI:33(E150), M2
_cTEXL
_2CC
999 _c813512
_d813512